Optimalizácia fungovania ekonomického systému SR

Grafický náčrt ekonomického systému ekonomiky SR. Súčasné poznatky ekonomických vied. Komponenty ekonomického systému (hospodárstvo) a jeho hlavná úloha. Optimalizácia fungovania ekonomického systému SR. Meranie HDP. Obrázok znázorňuje smerovanie jednotlivých tokov do subsystémov ekonomického systém...

Description complète

Enregistré dans:
Détails bibliographiques
Auteur principal: Husár, Jaroslav
Format: Chapitre de livre
Langue:slovaque
Sujets:
Tags: Ajouter un tag
Pas de tags, Soyez le premier à ajouter un tag!

MARC

LEADER 00000naa$a2200000$$$4500
001 0023244
005 20240502071416.8
041 0 |a slo 
044 |a SK 
245 1 0 |a Optimalizácia fungovania ekonomického systému SR  |c Jaroslav Husár 
520 |a Grafický náčrt ekonomického systému ekonomiky SR. Súčasné poznatky ekonomických vied. Komponenty ekonomického systému (hospodárstvo) a jeho hlavná úloha. Optimalizácia fungovania ekonomického systému SR. Meranie HDP. Obrázok znázorňuje smerovanie jednotlivých tokov do subsystémov ekonomického systému. 
610 2 0 |a systémy ekonomické 
610 2 0 |a hospodárstvo národné 
610 2 0 |a produkt národný hrubý 
610 2 0 |a sektory hospodárske 
610 2 0 |a makroekonomika 
610 2 0 |a veda ekonomická 
610 2 0 |a Slovensko 
100 1 |a Husár, Jaroslav